Napjaink ökoadóinak bemutatása

Bibliographic Details
Main Author: Riccioli Nicoletta
Other Authors: Fellegi Dr. Miklós
Kiss Marietta Erika
Format: Final Paper
Kulcsszavak:ökoadó
környezetvédelmi adó
Globális környezetvédelem
Online Access:http://dolgozattar.uni-bge.hu/22520

MARC

LEADER 00000nta a2200000 i 4500
001 dolg22520
005 20190516172732.0
008 190516suuuu hu o 000 hun d
040 |a BGE Dolgozattár Repozitórium  |b hun 
041 |a hu 
100 1 |a Riccioli Nicoletta 
245 1 0 |a Napjaink ökoadóinak bemutatása  |c Riccioli Nicoletta  |h [elektronikus dokumentum] 
516 |a Final_paper 
695 |a ökoadó 
695 |a környezetvédelmi adó 
695 |a Globális környezetvédelem 
700 1 |a Fellegi Dr. Miklós  |e ths 
700 1 |a Kiss Marietta Erika  |e ths 
856 4 0 |u http://dolgozattar.uni-bge.hu/22520/3/Final.pdf  |z Dokumentum-elérés 
856 4 0 |u http://dolgozattar.uni-bge.hu/22520/4/SPSZK-FO-1019051616170.pdf  |z Dokumentum-elérés